000 00960nam a2200229Ia 4500
001 1103
003 GE_BSU
008 181216s||||||||xx |||||||||||||| ||und||
020 _a9789994096664
040 _cGE_BSU
080 _a632.53+632.931.44+581.557.63+632.1
100 _aბუაჩიძე, კარლო
245 _aპარაზიტი, ნახევრად პარაზიტი სარეველა მცენარეები და მათთან ბრძოლის ღონისძიებები (ჰერბოლოგია).
245 _cრედ.ცაგურიშვილი გივი
260 _aთბილისი
260 _bუნივერსალი
260 _c2007
300 _a131 გვ. 19 ცმ.
541 _h5 ლ.
653 _aპარაზიტი მცენარეები; სარეველა მცენარეები
942 _cBK
999 _c35255
_d35255